Представление документа в формате MARC21

Поле Инд. ПП Название Значение
Тип записи a
Библиографический уровень m
001 Контрольный номер f41282f8-6b76-422e-a849-21efa7756dfe
005 Дата корректировки 20111130180702.1
008 Кодируемые данные 000420 d
020 c Цена, тираж 605-00
080 a Индекс УДК 531/534
a Индекс УДК 532.5
084 a Индекс другой классификации/Индекс ББК В25я54(2)2
a Индекс другой классификации/Индекс ББК В253.32
090 x Авторский знак Д46
a Полочн. индекс В25я5
245 00 a Заглавие Динамика сплошной среды
n Номер части/ раздела Вып. 107
p Название части/ раздела Динамика жидкости со свободными границами
b Продолж. заглавия Сб. науч. тр
c Ответственность Рос. АН. Сиб. отд-ние. Ин-т гидродинамики им. М.А. Лаврентьева; [Рдкол.: Монахов В.Н. (гл. ред.) и др.]
260 0_ a Место издания Новосибирск
b Издательство ИГД
c Дата издания 1993
300 a Объем 209 с.
b Иллюстрации/ тип воспроизводства ил.
650 a Основная рубрика Сплошные среды
x Основная подрубрика Механика
650 a Основная рубрика Гидродинамика
653 a Ключевые слова Гидродинамика
a Ключевые слова Механика сплошных сред
852 t Порядковый номер экземпляра 1
p Инвентарный номер 666021
954 a Дата поступления на обработку 14.09.95
999 a Подразделение 2 Фил3